Musical Acts by State - Louisiana - Statistics

General Stats
  • This quiz has been taken 88 times
  • The average score is 6 of 30
Answer Stats
City/Town Songs Answer % Correct
New Orleans What A Wonderful World | When The Saints Go Marching In Louis Armstrong
80%
Ferriday Great Balls Of Fire | Whole Lotta Shakin' Going On Jerry Lee Lewis
67%
New Orleans Blueberry Hill | Ain't That A Shame Fats Domino
57%
New Orleans A Milli | Lollipop Lil Wayne
52%
Ruston In The Aeroplane Over The Sea | Holland, 1945 Neutral Milk Hotel
25%
New Orleans Chapel Of Love | Iko Iko The Dixie Cups
25%
New Orleans I'm The One | Wild Thoughts DJ Khaled
23%
Delhi Humble And Kind | Highway Don't Care Tim McGraw
19%
Baton Rouge Good | Desperately Wanting Better Than Ezra
17%
New Orleans 2 Phones | Really Really Kevin Gates
17%
Lafayette Cupid Shuffle | 369 Cupid
16%
New Orleans Right Place Wrong Time | Such A Night Dr. John
16%
New Orleans Slow Motion | Back That Thang Up Juvenile
14%
Shreveport Blue On Black | Deja Voodoo Kenny Wayne Shepherd
14%
Breaux Bridge Wanted | I Want Crazy Hunter Hayes
13%
Kenner Personality | Stagger Lee Lloyd Price
13%
Kaplan She Don't Know She's Beautiful | Queen Of My Double Wide Trailer Sammy Kershaw
13%
New Orleans Just A Gigolo/I Ain't Got Nobody | Pennies From Heaven Louis Prima
12%
Oak Grove Polk Salad Annie | Ain't Going Down This Time Tony Joe White
12%
Lettsworth What Kind Of Woman Is This | Damn Right, I've Got The Blues Buddy Guy
9%
Crowley Sea Of Love | The Evil Dope Phil Phillips
9%
Sarepta You're Gonna Miss This | Ladies Love Country Boys Trace Adkins
9%
Metairie Freedom | I Need You Jon Batiste
7%
Ponchatoula Anyone Who Knows What Love Is (Will Understand) | Time Is On My Side Irma Thomas
6%
Baton Rouge Bandit | Genie YoungBoy Never Broke Again
6%
Lake Charles Lo Aprendí De Ti | Perdón, Perdón Ha*Ash
4%
Marksville My Babe | Juke Little Walter
4%
Mandeville Anthem For The Underdog | World So Cold 12 Stones
3%
Bogalusa 23 Island | Elimination JayDaYoungan
3%
New Orleans Over | Love You Too Much Lucky Daye
1%
No matching quizzes found
Score Distribution
Percent of People with Each Score
Percentile by Number Answered
Your Score History
You have not taken this quiz